Sports Quiz

Random Sports or WWE Quiz

WWE PPV Appearances 2010 Quiz Stats

 Plays Quiz not verified by Sporcle

Challenge
Share
Tweet
Embed
Score 0/72 Timer 07:00
0 Plays Today
First PPV Superstar % Correct
Royal RumbleJohn Cena
95.1%
Royal RumbleRandy Orton
89.3%
Royal RumbleEdge
89.3%
Royal RumbleThe Miz
88.5%
Royal RumbleKane
88.5%
Royal RumbleCM Punk
87.7%
Royal RumbleTriple H
86.9%
Royal RumbleThe Undertaker
85.2%
Royal RumbleDolph Ziggler
85.2%
Royal RumbleBig Show
85.2%
Royal RumbleBatista
84.4%
Royal RumbleSheamus
82.8%
SummerslamWade Barrett
82.8%
Royal RumbleChris Jericho
82%
Royal RumbleJohn Morrison
81.1%
SummerslamSkip Sheffield
80.3%
Royal RumbleShawn Michaels
79.5%
Royal RumbleMark Henry
78.7%
Royal RumbleKofi Kingston
78.7%
SummerslamHeath Slater
78.7%
Royal RumbleRey Mysterio
77.9%
Royal RumbleCody Rhodes
77.9%
Royal RumbleMatt Hardy
77.9%
Royal RumbleChristian
77%
Royal RumbleR-Truth
77%
SummerslamDavid Otunga
77%
Royal RumbleMVP
76.2%
Royal RumbleThe Great Khali
76.2%
Royal RumbleBeth Phoenix
76.2%
Wrestlemania XVIBeth Phoenix
76.2%
SummerslamDaniel Bryan
75.4%
SummerslamJustin Gabriel
75.4%
SummerslamDarren Young
75.4%
Royal RumbleTed DiBiase
73.8%
Royal RumbleJack Swagger
73.8%
Extreme RulesTyson Kidd
72.1%
First PPV Superstar % Correct
Royal RumbleEzekiel Jackson
70.5%
Royal RumbleMichelle McCool
69.7%
SummerslamMichael Tarver
69.7%
Extreme RulesDavid Hart Smith
68.9%
Wrestlemania XVIBret Hart
68%
Royal RumbleEvan Bourne
66.4%
Royal RumbleZack Ryder
66.4%
Royal RumbleDrew McIntyre
65.6%
Elimination ChamberLayla
65.6%
Wrestlemania XVIVickie Guerrero
65.6%
Wrestlemania XVIVince McMahon
64.8%
Royal RumbleShelton Benjamin
63.9%
Bragging RightsAlberto Del Rio
62.3%
Royal RumbleMickie James
61.5%
Fatal-4-WayNatalya
61.5%
Night of ChampionsSantino Marella
59.8%
Wrestlemania XVIKelly Kelly
59%
SummerslamMelina
59%
Royal RumbleCarlito
58.2%
Wrestlemania XVIAlicia Fox
55.7%
Fatal-4-WayJey Uso
54.9%
Fatal-4-WayJimmy Uso
54.9%
Night of ChampionsVladimir Kozlov
52.5%
Royal RumbleJTG
51.6%
Elimination ChamberMaryse
51.6%
Wrestlemania XVIEve Torres
50.8%
Bragging RightsGoldust
50%
Royal RumbleChris Masters
49.2%
Survivor SeriesKaval
46.7%
Royal RumbleYoshi Tatsu
45.1%
Fatal-4-WayTamina Snuka
45.1%
Bragging RightsTyler Reks
42.6%
SummerslamJoseph Mercury
41.8%
Elimination ChamberGail Kim
40.2%
SummerslamLuke Gallows
36.9%
Extreme RulesShad Gaspard
36.1%

You're not logged in!

Compare scores with friends on all Sporcle quizzes.
Join for Free
OR
Log In

You Might Also Like...

Show Comments

Extras

Top Quizzes Today


Score Distribution

Your Account Isn't Verified!

In order to create a playlist on Sporcle, you need to verify the email address you used during registration. Go to your Sporcle Settings to finish the process.

Report this User

Report this user for behavior that violates our Community Guidelines.

Details: